banner-ar

THE COMPLETE STEP-BY-STEP DRAWING / (Record no. 24142)

MARC details
000 -الفاتح
حقل البيانات ثابتة الطول 00509nam a2200193Ia 4500
008 - عناصر البيانات ثابتة الطول - معلومات عامة
حقل البيانات ثابتة الطول 140319s9999 xx 000 0 eng d
040 ## - مصدر الفهرسة
وكالة الفهرسة الأصلية GCL /
وكالة النسخ GCL
082 04 - رقم تصنيف ديوى العشرى
رقم التصنيف 741.2
رقم المادة C C
100 1# - المدخل الرئيسى - إسم شخصى
الإسم الشخصى CHANCELLOR, PRESS
245 10 - بيان العنوان
العنوان THE COMPLETE STEP-BY-STEP DRAWING /
بيان المسئوليه,etc CHANCELLOR, PRESS
260 ## - PUBLICATION, DISTRIBUTION, ETC. (IMPRINT)
تاريخ النشر أو التوزيع 1993
300 ## - الوصف المادى
التعداد 120
650 04 - المدخل الاضافى بالموضوع-مصطلح موضوعى
مصطلح موضوعي DRAWING
650 04 - المدخل الاضافى بالموضوع-مصطلح موضوعى
مصطلح موضوعي DRAWING HUMAN FIGURES
650 04 - المدخل الاضافى بالموضوع-مصطلح موضوعى
مصطلح موضوعي DRAWING TECHNIQUE
650 04 - المدخل الاضافى بالموضوع-مصطلح موضوعى
مصطلح موضوعي DRAWING ANIMAL
942 ## - عناصر المدخل الإضافي( كوها)
مصدر التصنيف او مخطط الترفيف Dewey Decimal Classification
Koha [default] item type كتاب
260 ## - PUBLICATION, DISTRIBUTION, ETC. (IMPRINT)
-- [S.N] :
-- CHANCELLOR PRESS ،
Holdings
حالة التراجع حالة الفقد حالة تلف ليس للاعارة المكان المؤقت الموقع الحالى تاريخ الاكتساب اجمالي اﻻعارات رقم الطلب الباركود تاريخ اخر مشاهدة تاريخ تفعيل السعر نوع وعاء كوها
        مكتبة القاهرة الكبرى مكتبة القاهرة الكبرى 03/26/2014   741.2\C C 42933 03/26/2014 03/26/2014 كتاب
        مكتبة القاهرة الكبرى مكتبة القاهرة الكبرى 03/26/2014   741.2\C C 42934 03/26/2014 03/26/2014 كتاب

Powered By

EGPV